000 00549nam a2200193Ia 4500
001 11127
003 GE_BSU
008 181216s||||||||xx |||||||||||||| ||und||
040 _cGE_BSU
245 _aВопросы философии, №6. 2014.
245 _cгл.ред.Пружинин Борис Исаевич и др.
260 _aМосква
260 _bАкадемия наук
260 _c2014
300 _a192стр.25см
653 _aВопросы философии
653 _aპერიოდიკა
942 _cCR
999 _c44365
_d44365